Normal view MARC view
  • Llorent, Vicente J.

Entry Nombre Personal

Number of records used in: 2

001 - NUMERO DE CONTROL

  • campo de control: 49670

003 - IDENTIFICADOR DE NUMERO DE CONTROL

  • campo de control: UPN

005 - FECHA Y HORA DE LA ÜLTIMA TRANSACCIÓN

  • campo de control: 20230808132202.0

008 - DATOS DE LONGITUD FIJA

  • campo de control de longitud fija: 230808|| acn||aabn | a|a d

024 7# - OTROS IDENTIFICADORES NORMALIZADOS

  • Fuente: orcid
  • Número normalizado o código: https://orcid.org/0000-0002-6795-2933

040 ## - FUENTE DE CATALOGACIÓN

  • Agencia original de catalogación: MX-MxUPN

100 ## - ENCABEZAMIENTO - NOMBRE PERSONAL

  • Nombre personal: Llorent, Vicente J.

370 ## - LUGAR ASOCIADO

  • Associated country: España

371 ## - DIRECCIÓN

  • Electronic mail address: vjllorent@uco.es

372 ## - CAMPO DE ACTIVIDAD

  • Field of activity: Planificación e innovación en educación primaria. Currículum, innovaciones y atención educativa a la diversidad cultural.
  • Field of activity: Procesos y contextos educativos. Innovación docente.

373 ## - GRUPO ASOCIADO

  • Associated group: Universidad de Córdoba. Departamento de Educación.
  • Associated group: Universidad de Cambridge (Reino Unido)

374 ## - OCUPACIÓN

  • Occupation: Profesor - investigador universitario

670 ## - FUENTE EN LA QUE SE LOCALIZARON DATOS

  • Cita de la fuente: En su CV electrónico: Resumen CV. Sitio de la Universidad de Córdoba.
  • Información localizada: (Vicente J. Llorent)
  • Uniform Resource Identifier: http://www.uco.es/estudios/postgrado/doctoradocsj/index_htm_files/CV%20Vicente%20J%20Llorent.pdf

902 ## - CATALOGADOR

  • Catalogador: Leonor Sotres/080823